00933pam a2200277 a 45000010005000000030006000050050017000110080041000280100017000690400018000860500016001040820012001201000018001322450080001502600037002303000064002675200112003315210031004435210018004746500053004926500032005456500037005776500014006146500011006286500016006396390FISKH20250826144728.0880321s1989 caua j 000 0 eng  a 88010906  aDLCcDLCdDLC aPE1155 .E35 a 641.641 aEhlert, Lois.10aEating the alphabet :bfruits and vegetables from A to Z /cby Lois Ehlert. aNew York : bScholastic, c1989. a34 unnumbered pages : bcolor illustrations ; c22 x 28 cm. aAn alphabetical tour of the world of fruits and vegetables, from apricot and artichoke to yam and zucchini.8 a100 bLexile NP estimate 8 aC bRaz-Plus  0aEnglish languagexAlphabetxJuvenile literature. 0aFruitxJuvenile literature. 0aVegetablesxJuvenile literature. 1aAlphabet. 1aFruit. 1aVegetables.